• 首页
  • 本馆介绍
  • 公告通知
  • 最新文献
  • 馆藏检索
  • 电子资源
  • 读者导购
  • 参考咨询
  • 我的图书馆
  • 登录
  • 详细信息显示
  • 放入我的书架
  • 预约/预借图书
  • 作者相关作品
  • 分类相关作品
  • 丛书相关作品
  • 出版社相关作品

书目信息

  • 表格格式
  • 工作单格式
  • 卡片格式
题名:
天体物理中的辐射机制
    
 
作者: 尤峻汉 编著
分册:  
出版信息: 北京   科学出版社  1983
页数: 374页
开本: 19cm
丛书名: 天体物理基础和方法丛书
单 册:
中图分类: P142
科图分类:
主题词: 辐射机制
电子资源:
ISBN:
000 00721nam2 2200265 45
001 0183006361
005 20040520164658.3
010    @dCNY1.90
091    @a18031.2416
100    @a19950316d1983 em y0chiy0121 ea
101 0  @achi
102    @aCN@b110000
105    @ay z 000yy
106    @ar
200 10 @a天体物理中的辐射机制@Atian ti wu li zhong de fu she ji zhi@f尤峻汉编著
210    @a北京@c科学出版社@d1983
215    @a374页@d19cm
225 2  @a天体物理基础和方法丛书
410  0 @120010@a天体物理基础和方法丛书
606    @a辐射机制
690    @aP142@v3
701  0 @a尤峻汉@Ayou jun han@4编著
801  0 @aCN@b上海图书馆@c20040520
801  2 @aCN@bNLC@c20040520
905    @f2@b97749-750@dP142@e16
    
    天体物理中的辐射机制/尤峻汉编著.-北京:科学出版社,1983
    374页;19cm.-(天体物理基础和方法丛书)
    
    
    ISBN :CNY1.90
    
●
相关链接 在E读中查询图书 在五车中查询图书 在当当中查询图书 在豆瓣中查询图书


正题名:天体物理中的辐射机制     索取号:P142/16         预约/预借

序号 登录号 条形码 馆藏地/架位号 状态 备注
1 0097749   000628155   第三借阅区/ [索取号:P142/16] 在馆    
2 0097750   000628146   第三借阅区/ [索取号:P142/16] 在馆    
3 0097751   202101475   第二样本阅览室/ [索取号:P142/16] 在馆    
唐山师范学院图书馆 欢迎您!
大连网信软件有限公司© 版权所有